000 00966nam a2200289 i 4500
001 000032402
003 DO-SdBNP
005 20240509154932.0
007 ta
008 110715s1975 dr 001 0bspa d
040 _aDO-SdBNP
_bspa
_cBNPHU
_erda
082 4 _a928.61
_bM385p
_222
100 1 _aMartínez, Rufino,
_938668
_eautor
245 1 0 _aPáginas de mi vida /
_cRufino Martínez.
264 _aSanto Domingo :
_bCultural Dominicana,
_c1975.
300 _a291 páginas ;
_c21 cm.
336 _2rdacontent
_atexto
_btxt
337 _2rdamedia
_asin mediación
_bn
338 _2rdacarrier
_avolumen
_bnc
500 _aIncluye referencias bibliográficas y notas al pie de las páginas
590 _aInventariado, 2019/MFF
600 1 4 _aMartínez, Rufino,
_d1893-1975
_958371
650 4 _aEscritores dominicanos
_vBiografías
_919138
651 4 _aRepública Dominicana
_vBiografías
_91083
910 _aValidado. Control de calidad MFF
942 _2ddc
_cLBS1
999 _c31893
_d31893